Electronic computer technology (Record no. 12946)

MARC details
000 -LEADER
fixed length control field 00234nam a22001097a 4500
082 ## - DEWEY DECIMAL CLASSIFICATION NUMBER
Classification number 621.38195SCO
100 ## - MAIN ENTRY--AUTHOR NAME
Personal name Scott
245 ## - TITLE STATEMENT
Title Electronic computer technology
260 ## - PUBLICATION, DISTRIBUTION, ETC. (IMPRINT)
Place of publication London
Name of publisher McGraw Hill
Year of publication 1970
300 ## - PHYSICAL DESCRIPTION
Number of Pages 618
942 ## - ADDED ENTRY ELEMENTS (KOHA)
Koha item type Books
Holdings
Withdrawn status Lost status Home library Current library Date acquired Cost, normal purchase price Full call number Accession Number Koha item type
    Book Bank Section Book Bank Section 12/02/2020 71.00 621.38195SCO B2112 Books
    Central Library, QUEST, Nawabshah Central Library, QUEST, Nawabshah 10/04/2015 114.75 621.38195SCO 8894 Books
    Central Library, QUEST, Nawabshah Central Library, QUEST, Nawabshah 10/04/2015 114.75 621.38195SCO 8895 Books